00566 2200217 4500001002100000005001500021035002000036007000300056008004100059020002100100082000800121084001400129100002300143245005700166260002500223300003700248700001700285505001200302990001700314990001700331INLIS00000000000988120260414020458 a0010-0426000182ta260414 g 0 eng  a978-0-443-104138 a610 a610 IAI a0 aIain A M Hennessey1 aArterial Blood Gases Made Easy /cIain A M Hennessey a- :bElsevier,c2007 aix, 140 hlm :bilus. ;c14x21 cm0 aAlan G Jappp ahlm.140 a202500223279 a202500223280